000 00763nam a2200205Ia 4500
003 0
005 20250114123019.0
008 161205s9999 xx 000 0 und d
050 _aPHS HM 1111
_b.Y95 2015
100 _aYu, Mihee
245 _aViolent movies and social behavior of grade 8 students of Southville International School and Colleges
_cMihee Yu
260 _aLas PiƱas, Philippines :
_bSouthville International School and Colleges,
_c2015.
300 _a28 p. :
_bill. ;
_c28 cm.
504 _aIncludes bibliographical references.
650 _aMotion pictures
_vPsychological aspects.
650 _aViolence in motion pictures.
650 _aSocial behavior in adolescence.
650 _aMedia violence
_vImpact on behavior.
942 _cPASS
_2lcc
999 _c305316
_d305316